| 000 | 00756nam a22002177a 4500 | ||
|---|---|---|---|
| 999 |
_c9675 _d9675 |
||
| 003 | AR-CdUCM | ||
| 008 | 190328b ||||| |||| 00| 0 spa d | ||
| 040 |
_aMUNICIPALIDAD PROVINCIAL DEL CUSCO _cBIBLIOTECA MUNICIPAL DEL CUSCO |
||
| 082 |
_a574.1 / _bK81 |
||
| 100 |
_aKollmann, Max _926033 |
||
| 245 | _aLa embriología / | ||
| 260 |
_aMadrid : _bMercurio, |
||
| 300 |
_a166 paginas ; _c17 cm. |
||
| 440 |
_aBiblioteca de Cultura General _926034 |
||
| 505 | _aContenido :La Embriología y sus problemas --Elementos sexuales y fecundación --Las primeras faces del desarrollo : segmentación, gastrulación, hojuelas ... | ||
| 650 |
_aOrigen _915147 |
||
| 650 |
_aVida _9884 |
||
| 650 |
_aEmbriología _926035 |
||
| 942 |
_2ddc _cLIBROS |
||
| 945 | _arjall | ||